| 000 | 00489nam a2200181 4500 | ||
|---|---|---|---|
| 001 | 7090 | ||
| 005 | 20230410123707.0 | ||
| 008 | 060907n2000 dr spa | ||
| 020 | _a211377346 | ||
| 035 | _9funglode7154 | ||
| 041 | _aFR | ||
| 050 | 1 | 4 | _aR KZ 1160 F658d 2000 |
| 100 | _aFoillard, Philippe | ||
| 245 | 1 |
_aDictionnaire de droit public / _cPhilippe Foillard |
|
| 260 |
_aParis : _bCentre de Publications Universitaires, _c2000 |
||
| 300 | _a519 p. | ||
| 942 |
_2lcc _cbk |
||
| 999 |
_c66371 _d66371 |
||